Practical handbook of organic chemistry / (Record no. 53566)

MARC details
000 -LEADER
fixed length control field 01929nam a22002897a 4500
010 ## - LCCN (DPL NO)
LC control number ENG-102781 B-461652-656
020 ## - INTERNATIONAL STANDARD BOOK NUMBER
International Standard Book Number 9789380945064
Terms of availability 500.00
035 ## - SYSTEM CONTROL NUMBER
System control number EN-86314 B-461652-656
037 ## - SOURCE OF ACQUISITION
Source of stock number/acquisition DBAD/PUB
037 ## - SOURCE OF ACQUISITION
Source of stock number/acquisition Virtuous Pub/Ven
082 ## - DEWEY DECIMAL CLASSIFICATION NUMBER
Classification number 547.0028
100 ## - MAIN ENTRY--PERSONAL NAME
Personal name Shukla, R.K.
245 ## - TITLE STATEMENT
Title Practical handbook of organic chemistry /
Statement of responsibility, etc by R.K.Shukla
Remainder of title
260 ## - PUBLICATION, DISTRIBUTION, ETC. (IMPRINT)
Place of publication, distribution, etc New Delhi
Name of publisher, distributor, etc Educational Book Service
Date of publication, distribution, etc 2011
270 ## - ADDRESS
Address N-3/25,-A, Mohan Gardan, Uttam Nagar
City New Delhi
Postal code 110059
Telephone number 25358642
Electronic mail address satyampub-2006@yahoo.com
300 ## - PHYSICAL DESCRIPTION
Extent 120p.
Dimensions 22cm (Hb)
500 ## - GENERAL NOTE
General note Includes bibliographical references
700 ## - ADDED ENTRY--PERSONAL NAME
9 (RLIN) 29136
942 ## - ADDED ENTRY ELEMENTS (KOHA)
Source of classification or shelving scheme Dewey Decimal Classification
Item type English Books
Call number suffix SHU
Classification part 547.0028
Holdings
Withdrawn status Lost status Not for loan Collection code Home library Current library Date acquired Source of acquisition Cost, normal purchase price Full call number Barcode Copy number Cost, replacement price Koha item type
      Non-fiction Central Library Central Library 11/06/2012 Virtuous Pub/938/04.02.2012/20/16.01.2012/10.02.2012 500.00 547.0028 SHU B-461652 1 500.00 English Books
    Not For Loan Non-fiction D.B.Act.Division D.B.Act.Division 04/07/2011 DBAD / PUB 500.00 547.0028 SHU EN-86314 1 500.00 English Books
      Non-fiction Karol Bagh Karol Bagh 11/06/2012 Virtuous Pub/938/04.02.2012/20/16.01.2012/10.02.2012 500.00 547.0028 SHU B-461655 1 500.00 English Books
      Non-fiction Patel Nagar Patel Nagar 11/06/2012 Virtuous Pub/938/04.02.2012/20/16.01.2012/10.02.2012 500.00 547.0028 SHU B-461653 1 500.00 English Books
      Non-fiction Sarojini Nagar Sarojini Nagar 11/06/2012 Virtuous Pub/938/04.02.2012/20/16.01.2012/10.02.2012 500.00 547.0028 SHU B-461654 1 500.00 English Books
      Non-fiction Shahdara Branch Shahdara Branch 11/06/2012 Virtuous Pub/938/04.02.2012/20/16.01.2012/10.02.2012 500.00 547.0028 SHU B-461656 1 500.00 English Books

© Delhi Public Library
Hit Counter
free hit counter